000 00455nam a2200181Ia 4500
001 11238
005 20260306161931.0
008 260306t1993||||xx |||||||||||||| ||spa||
041 _aESP
082 _a985.0191
_bG14
100 _aGaldos Rodríguez, Guillermo
_eAUT
245 0 _aCronistas e historiadores de Arequipa colonial
260 _c1993
300 _a349 páginas :
_c20 cm.
650 _aGEN
654 _aCHU
942 _cLIB
_dJUS
_fJUS
_2ddc
_n
999 _c11238
_d11238